Which "Land" country? - Statistics

General Stats
  • This quiz has been taken 39 times
  • The average score is 21 of 25
Answer Stats
Hint Answer % Correct
Asian country Thailand
97%
Reykjavik is this country's capital Iceland
94%
Shares a land border with the UK Ireland
94%
Has a Union Jack on his flag New Zealand
94%
Kiwi birds live there New Zealand
91%
Alpine country Switzerland
91%
Joined NATO in 2023 Finland
89%
Known as the land of fire and ice Iceland
86%
Has green and orange on his flag Ireland
86%
His official languages are: German, French, Italian and Romansh Switzerland
86%
Second most forested country in Europe Finland
83%
Wellington is the capital city of this country New Zealand
83%
Borders Russia by Kaliningrad Poland
83%
Has a flag similar to Costa Rica Thailand
83%
It was fighting in the Winter War with the USSR Finland
80%
More than 60% of his population lives in his capital city Iceland
80%
Home to the longest place name in the world New Zealand
80%
His cities include Gdańsk, Łódź and Wrocław Poland
80%
The only Southeast Asian country that was never Colonized Thailand
80%
Uralic country Finland
77%
Halloween originated here Ireland
77%
His capital city lies on the Vistula river Poland
77%
Made up of Cantons Switzerland
77%
Left the Commonwealth of Nations Ireland
74%
Home to the world's biggest castle Poland
74%
No matching quizzes found
Score Distribution
Percent of People with Each Score
Percentile by Number Answered
Your Score History
You have not taken this quiz